Belanjawan modal

Main Author: Shaari Isa (Author)
Published: Kuala Lumpur: Dewan Bahasa dan Pustaka, 1994
Subjects:
LEADER 00836cam a2200253 7i4500
001 0000045031
005 20250507090000.0
008 250507s1994 my a ### #00001may##
020 # # |a 9836233237  
020 # # |a 9789836233233  
040 # # |a UMT   |b eng   |c UMT   |e rda 
090 0 0 |a HG 4028 .C4   |b S53 1994 
100 0 # |a Shaari Isa   |e author  
245 1 0 |a Belanjawan modal   |c Shaari Isa. 
264 # 1 |a Kuala Lumpur:   |b Dewan Bahasa dan Pustaka,   |c 1994 
300 # # |a ix, 168 pages;   |c 22 cm 
336 # # |a text --   |2 rdacontent 
337 # # |a unmediated --   |2 rdamedia 
338 # # |a volume --   |2 rdacarrier 
504 # # |a Includes bibliographical references and index 
590 # # |a Pusat Pengajian Perniagaan dan Pengurusan Maritim 
650 # 0 |a Capital budget  
650 # 0 |a Capital investments  
999 |a 1100058494  |b Book  |c Open Shelf  |e KOLEKSI PERPUSTAKAAN